[Event "Muensterland Verbandsliga Gr1 2223"]
[Site "Germany"]
[Date "2022.11.12"]
[Round "3.7"]
[White "Siebald, Joerg"]
[Black "Koczy, Willibald"]
[Result "1-0"]
[WhiteElo "1727"]
[BlackElo "1465"]
[PlyCount "115"]
[EventDate "2022.09.10"]
[EventType "team-tourn"]
[EventRounds "5"]
[EventCountry "GER"]
[SourceTitle "EXT 2024"]
[Source "ChessBase"]
[SourceDate "2023.10.10"]
[SourceVersion "1"]
[SourceVersionDate "2023.10.10"]
[SourceQuality "1"]
[WhiteTeam "Emsdetten Rochade II"]
[BlackTeam "Ibbenbueren"]
[WhiteTeamCountry "GER"]
[BlackTeamCountry "GER"]

1. e4 c5 2. Nf3 d6 3. d4 cxd4 4. c3 dxc3 5. Nxc3 Nf6 6. Bc4 e6 7. 0-0 Be7 8. Qe2 a6 9. Rd1 Nbd7 10. Bf4 b5 11. Bb3 e5 12. Nxe5 dxe5 13. Bxe5 0-0 14. Nd5 Bb7 15. Nxf6+ Bxf6 16. Bxf6 Qe8 17. Bc3 Kh8 18. Bxg7+ Kxg7 19. Qg4+ Kh8 20. Qxd7 Qxe4 21. Qd4+ Qxd4 22. Rxd4 Bc8 23. Rad1 Bf5 24. g4 Be6 25. Bxe6 fxe6 26. Rd7 Rf4 27. h3 Raf8 28. R1d2 e5 29. Re7 Rd4 30. Rc2 Rc4 31. Rxc4 bxc4 32. Rxe5 Rc8 33. Re3 Rd8 34. Re2 Rd1+ 35. Kg2 Ra1 36. a3 Ra2 37. Kf3 c3 38. bxc3 Rxa3 39. Rc2 a5 40. Ke4 a4 41. Kd5 Rb3 42. Kc4 Rb8 43. Ra2 Rf8 44. Kb4 Rf3 45. c4 Rxh3 46. Kxa4 Rf3 47. Kb5 Rf4 48. f3 Rxf3 49. Rg2 Kg7 50. c5 Rb3+ 51. Kc6 Kg6 52. Kc7 Kf6 53. c6 Ke6 54. Re2+ Kd5 55. Kd7 Kc5 56. Rc2+ Kb6 57. c7 Rd3+ 58. Ke7 1-0

[Event "Steinfurt Bezirksliga 1516"]
[Site "Germany"]
[Date "2015.11.28"]
[Round "3.7"]
[White "Thomann, Henning"]
[Black "Koczy, Willibald"]
[Result "1/2-1/2"]
[WhiteElo "1149"]
[BlackElo "1478"]
[PlyCount "46"]
[EventDate "2015.09.19"]
[EventType "team-tourn"]
[EventRounds "9"]
[EventCountry "GER"]
[SourceTitle "EXT 2017"]
[Source "ChessBase"]
[SourceDate "2016.10.25"]
[SourceVersion "1"]
[SourceVersionDate "2016.10.25"]
[SourceQuality "1"]
[WhiteTeam "Neuenkirchen II"]
[BlackTeam "Ibbenbueren II"]
[WhiteTeamCountry "GER"]
[BlackTeamCountry "GER"]

1. d4 Nf6 2. c4 e6 3. Nc3 Bb4 4. Qc2 0-0 5. Bf4 b6 6. e3 Bb7 7. f3 d5 8. Bg5 h6 9. Bxf6 Qxf6 10. Bd3 Nd7 11. Nge2 Qg5 12. 0-0 Qxe3+ 13. Kh1 Qg5 14. Nxd5 exd5 15. Qa4 dxc4 16. Bxc4 Qe7 17. Nf4 Kh8 18. Bd5 c6 19. Bxc6 Bxc6 20. Qxc6 Rfc8 21. Qb7 Rcb8 22. Qc6 Rc8 23. Qb7 Rcb8 1/2-1/2

[Event "Steinfurt Bezirksliga 1516"]
[Site "Germany"]
[Date "2015.09.19"]
[Round "1.6"]
[White "Gerighausen, Karl Heinz"]
[Black "Koczy, Willibald"]
[Result "1-0"]
[WhiteElo "1740"]
[BlackElo "1478"]
[PlyCount "51"]
[EventDate "2015.09.19"]
[EventType "team-tourn"]
[EventRounds "9"]
[EventCountry "GER"]
[SourceTitle "EXT 2017"]
[Source "ChessBase"]
[SourceDate "2016.10.25"]
[SourceVersion "1"]
[SourceVersionDate "2016.10.25"]
[SourceQuality "1"]
[WhiteTeam "Ibbenbueren"]
[BlackTeam "Ibbenbueren II"]
[WhiteTeamCountry "GER"]
[BlackTeamCountry "GER"]

1. d4 Nf6 2. Nf3 e6 3. Bf4 b6 4. e3 Bb7 5. Bd3 Be7 6. c4 d6 7. h3 Nbd7 8. Nc3 c5 9. 0-0 Bxf3 10. Qxf3 0-0 11. Rfd1 a6 12. Rd2 Qc7 13. Rad1 Rad8 14. Be2 Rfe8 15. g4 e5 16. Bh2 Nf8 17. g5 N6d7 18. Nd5 Qb8 19. Qg4 Ne6 20. h4 cxd4 21. Bd3 Ndc5 22. Bc2 Qb7 23. b4 Nd7 24. Qe4 g6 25. Nxe7+ Rxe7 26. Qxb7 1-0

[Event "Steinfurt Bezirksliga 1415"]
[Site "Germany"]
[Date "2015.03.14"]
[Round "7.6"]
[White "Koczy, Willibald"]
[Black "Gutjahr, Vladimir"]
[Result "1/2-1/2"]
[WhiteElo "1503"]
[BlackElo "1350"]
[PlyCount "109"]
[EventDate "2014.09.06"]
[EventType "team-tourn"]
[EventRounds "9"]
[EventCountry "GER"]
[SourceTitle "EXT 2016"]
[Source "ChessBase"]
[SourceDate "2015.10.08"]
[SourceVersion "1"]
[SourceVersionDate "2015.10.08"]
[SourceQuality "1"]
[WhiteTeam "Ibbenbueren II"]
[BlackTeam "Steinfurt III"]
[WhiteTeamCountry "GER"]
[BlackTeamCountry "GER"]

1. e4 e5 2. Nf3 Nc6 3. Bb5 Nge7 4. c3 Ng6 5. d4 exd4 6. cxd4 Bb4+ 7. Nc3 0-0 8. 0-0 d6 9. Bg5 f6 10. Be3 Ba5 11. h3 Nce7 12. Ne2 Be6 13. d5 Bf7 14. Qa4 Bb6 15. Bxb6 axb6 16. Qc2 Ne5 17. Nxe5 fxe5 18. a4 Bg6 19. Rad1 Rc8 20. f4 exf4 21. Nxf4 Bf7 22. Be2 Ra8 23. Bg4 c5 24. Be6 Qe8 25. b3 Kh8 26. Qc3 Ng6 27. Bxf7 Rxf7 28. Ne6 Ne5 29. Rxf7 Qxf7 30. Rf1 Qg6 31. Qe3 h6 32. Kh2 Kg8 33. Rf5 Nd7 34. Qf4 Nf6 35. g4 b5 36. Nc7 Rd8 37. Nxb5 Qf7 38. Nxd6 Qe7 39. Nc4 Qxe4 40. Qxe4 Nxe4 41. Re5 Nd6 42. Nxd6 Rxd6 43. Kg3 Kf7 44. Kf4 g6 45. h4 Rf6+ 46. Ke4 Rb6 47. h5 Rb4+ 48. Kd3 Rxg4 49. hxg6+ Kxg6 50. Re6+ Kg5 51. Re5+ Kf6 52. Re6+ Kg5 53. Re5+ Kf6 54. Re6+ Kg5 55. Re5+ 1/2-1/2

[Event "Steinfurt Bezirksliga 0809"]
[Site "Germany"]
[Date "2008.12.20"]
[Round "4.8"]
[White "Kroeger, Ralf"]
[Black "Koczy, Willibald"]
[Result "1-0"]
[WhiteElo "1521"]
[BlackElo "1440"]
[PlyCount "87"]
[EventDate "2008.09.27"]
[EventType "team-tourn"]
[EventRounds "9"]
[EventCountry "GER"]
[SourceTitle "EXT 2010"]
[Source "ChessBase"]
[SourceDate "2010.11.25"]
[SourceVersion "1"]
[SourceVersionDate "2010.11.25"]
[SourceQuality "1"]
[WhiteTeam "Steinfurt III"]
[BlackTeam "Ibbenbueren II"]
[WhiteTeamCountry "GER"]
[BlackTeamCountry "GER"]

1. d4 Nf6 2. c4 g6 3. Nc3 Bg7 4. Bg5 d6 5. e3 0-0 6. Nf3 Bg4 7. Be2 Nbd7 8. 0-0 c6 9. Bh4 Re8 10. Nd2 Bxe2 11. Qxe2 Qc8 12. Rac1 e5 13. dxe5 Nxe5 14. Nde4 Nxe4 15. Nxe4 Qe6 16. b3 Ng4 17. Nxd6 Qxd6 18. Qxg4 h5 19. Qe2 Be5 20. Kh1 Qc5 21. Rfd1 Kg7 22. Rd7 b5 23. Qf3 Qf8 24. Qxc6 bxc4 25. bxc4 Rac8 26. Qd5 Rc5 27. Rxf7+ Qxf7 28. Qxc5 Re6 29. f4 Bd6 30. Qd4+ Kh7 31. c5 Be7 32. Be1 Bf6 33. Qd5 Qe8 34. Qb7+ Re7 35. Qa6 Rxe3 36. Qxa7+ Kh6 37. Qa5 Qe4 38. Bd2 Rd3 39. f5+ Bg5 40. Bxg5+ Kxg5 41. fxg6 Qd5 42. Qe1 Kxg6 43. c6 Rd2 44. Qf1 1-0

[Event "Steinfurt Bezirksliga 0708"]
[Site "Germany"]
[Date "2008.03.15"]
[Round "7.8"]
[White "Koczy, Willibald"]
[Black "Lukasiewicz, Guenther"]
[Result "1-0"]
[WhiteElo "1456"]
[BlackElo "1531"]
[PlyCount "41"]
[EventDate "2007.09.22"]
[EventType "team-tourn"]
[EventRounds "9"]
[EventCountry "GER"]
[SourceTitle "EXT 2009"]
[Source "ChessBase"]
[SourceDate "2008.11.26"]
[SourceVersion "1"]
[SourceVersionDate "2008.11.26"]
[SourceQuality "1"]
[WhiteTeam "Ibbenbueren II"]
[BlackTeam "Emsdetten Rochade II"]
[WhiteTeamCountry "GER"]
[BlackTeamCountry "GER"]

1. e4 c5 2. Nf3 g6 3. d4 Bg7 4. Bc4 cxd4 5. Nxd4 Nc6 6. Be3 Nf6 7. f3 a6 8. Nc3 0-0 9. Qd2 b5 10. Bb3 Nxd4 11. Bxd4 Bb7 12. 0-0-0 d6 13. g4 Rc8 14. h4 Nd7 15. Bxg7 Kxg7 16. h5 Rh8 17. Qd4+ f6 18. g5 Qc7 19. Nd5 Bxd5 20. Qxd5 Rcf8 21. h6# 1-0

[Event "Steinfurt Bezirksliga 0708"]
[Site "Germany"]
[Date "2008.02.23"]
[Round "6.6"]
[White "Pohlmeier, Ulrich"]
[Black "Koczy, Willibald"]
[Result "1-0"]
[WhiteElo "1565"]
[BlackElo "1456"]
[PlyCount "87"]
[EventDate "2007.09.22"]
[EventType "team-tourn"]
[EventRounds "9"]
[EventCountry "GER"]
[SourceTitle "EXT 2009"]
[Source "ChessBase"]
[SourceDate "2008.11.26"]
[SourceVersion "1"]
[SourceVersionDate "2008.11.26"]
[SourceQuality "1"]
[WhiteTeam "Rheine Klein Berlin II"]
[BlackTeam "Ibbenbueren II"]
[WhiteTeamCountry "GER"]
[BlackTeamCountry "GER"]

1. e4 c5 2. Nf3 d6 3. d4 cxd4 4. Nxd4 Nc6 5. Nc3 a6 6. Be2 g6 7. 0-0 Bg7 8. Nf3 Nf6 9. h3 Bd7 10. Be3 0-0 11. a3 Rc8 12. Qd2 b5 13. b4 Qc7 14. Rac1 Nxb4 15. Nxb5 axb5 16. Qxb4 Qb7 17. Nd2 Bc6 18. f3 Nh5 19. Kf2 Ra8 20. Rb1 Rfb8 21. g4 Nf6 22. c4 Ra4 23. Qb3 Qa8 24. cxb5 Rxa3 25. Qc4 Bd7 26. b6 Be6 27. Qb4 Rb7 28. Rfc1 Ra4 29. Qb5 Bd7 30. Qb3 Ra3 31. Qc2 Be6 32. Nb3 Ra2 33. Qd3 Nd7 34. Qb5 Qb8 35. Na5 Rxa5 36. Qxa5 d5 37. Kg2 d4 38. Bf2 Be5 39. Ba6 Qa8 40. Rb5 Bf4 41. Bxb7 Qxa5 42. Rc8+ Nf8 43. Rxa5 Bxc8 44. Bxc8 1-0